| 000 | 00796nas a2200277 4500 | ||
|---|---|---|---|
| 001 | BR9504123 | ||
| 003 | BR-BrBNA | ||
| 005 | 20231205094113.0 | ||
| 007 | ta | ||
| 008 | 230509b bl.|||p| |||| 00| 00por d | ||
| 040 |
_aBR-BrBNA _bpor _cBiblioteca Nacional de Agricultura |
||
| 041 | _a(Pt) | ||
| 072 | _aL70 | ||
| 100 | 1 | _aMello Dias, S. | |
| 100 | 1 | _aSilva, P.P. e | |
| 100 | 1 | _aOrmsby, T. | |
| 100 | 1 | _aOrsi, A.M. | |
| 100 | 1 | _aVecentini, C.A. | |
| 245 | 1 | _aObliteracao pos - natal da arteria umbilical do coelho Oryctolagus cuniculus) | |
| 650 | _aCoelho | ||
| 650 | _aArteria | ||
| 650 | _aCirurgia | ||
| 773 | 0 |
_tRevista de Ciencias Biomedicas (Brazil) _xISSN 0101-322X _g(1984), v. 5 p. 57-61 _wBR9504123 |
|
| 909 |
_a202311 _bLúcia _c55 _dLúcia Elande |
||
| 942 |
_2AGRIS _n0 _cANA |
||
| 999 |
_c142097 _d142097 |
||